000 01603cam a22004574i 4500
003 PE-LiUPU
005 20250731173440.0
008 150616s1987 sp r 000 0 spa d
020 _a8471515148
035 _a(Sirsi) i9788471515148
040 _aPE-LiUPU
_bspa
_cPE-LiUPU
_erda
049 _aPRUA
082 0 4 _a266.67
_bD89
_221
100 1 _aDonovan, Vicent J.,
_eautor.
245 1 0 _aÁfrica Comunidad Misionera :
_blos masai /
_cVicent J. Donovan.
264 1 _aEstella, España :
_bEditorial Verbo Divino,
_c1987.
300 _a195 páginas ;
_c21 centímetros
336 _atext
_2rdacontent
337 _aunmediated
_2rdamedia
338 _avolume
_2rdacarrier
505 0 _aLos masai -- Tiempo para callar y tiempo para pensar -- ¿Qué pensáis de Cristo? -- Las iglesias nuevas, jóvenes y particulares -- Los vientos del cambio.
526 _aSEG42
526 _aSEG41
526 _aSEG40
526 _aSEG39
526 _aP94
526 _aP87
526 _aP86
526 _aP85
526 _aP77
526 _aP76
526 _aP35
650 1 4 _aMisiones
_zAfrica Oriental.
910 _ajck
_bjvq
_cjck
942 _2ddc
_cBOOK
949 _a266.67 D89
_wDEWEY
_c1
_i39401
_lCCODEBUL1
_mBUL
_r0
_sY
_tBOOK
_u2015-6-16
_xTEOLOGIA
_zUNKNOWN
_0COMPRA
_o.STAFF. Colección General
994 _aC0
_bPEPRU
596 _a1
999 _a266.67 D89
_wDEWEY
_c56707
_i39401
_f2021-11-10
_g5
_lCCODEBUL1
_mBUL
_p12.00
_r0
_sY
_tBOOK
_u2015-6-16
_xTEOLOGIA
_PP35
_0COMPRA
_o.STAFF. Colección Teología
_d56707
980 _81
_gALBERTO SANCHEZ Responsable de Automatización